Video Game Characters beginning with M - Statistics

General Stats
  • This quiz has been taken 9 times
  • The average score is 3 of 15
Answer Stats
Hint Character % Correct
Drives around the wasteland, also features in films. Mad Max
67%
Man living with his family in Los Santos, under government protection. Michael de Santa
50%
Friend of Rico Rodriguez, likes to ride soap box cars. Mario Frigo
33%
Violent member of the Van der Linde gang. Micah Bell
33%
Zora, Link's dead friend. Mipha
33%
The Heavy's real name. Misha
33%
Dishonest Khajiit who wanders Tamriel. M'aiq the Liar
17%
Climatologist with ice-based weaponry. Mei
17%
Decapitated, intelligent, talking head hanging from a god's belt. Mimir
17%
Falconer and sniper from Pandora. Mordecai
17%
Enemy in the Metroid series. Mother Brain
17%
Journeys through the Land of the Dead. Manuel Calavera
0%
A member of the First Civilisation. Minerva
0%
The girl Wander hopes to resurrect. Mono
0%
Talking skull of the Caribbean, tries but fails to be scary. Murray
0%
No matching quizzes found
Score Distribution
Percent of People with Each Score
Percentile by Number Answered
Your Score History
You have not taken this quiz